|
|
|
|
| LEADER |
00000nam0a2200000 4500 |
| 001 |
66430 |
| 005 |
20231031071943.0 |
| 035 |
|
|
|a (RuTPU)RU\TPU\book\70613
|
| 035 |
|
|
|a RU\TPU\book\40352
|
| 090 |
|
|
|a 66430
|
| 100 |
|
|
|a 20040819d1980 m y0rusy50 ca
|
| 101 |
0 |
|
|a rus
|
| 102 |
|
|
|a RU
|
| 105 |
|
|
|a a j 001zy
|
| 200 |
1 |
|
|a Дифференциальные уравнения
|e учебник
|f А. Н. Тихонов, А. Б. Васильева, А. Г. Свешников
|
| 210 |
|
|
|a Москва
|c Наука
|d 1980
|
| 215 |
|
|
|a 231 с.
|c ил.
|
| 225 |
1 |
|
|a Курс высшей математики и математической физики
|v Вып. 7
|
| 320 |
|
|
|a Библиогр.: 228-231.
|
| 451 |
|
1 |
|0 (RuTPU)RU\TPU\book\40352
|t Дифференциальные уравнения
|o учебник
|f А. Н. Тихонов, А. Б. Васильева, А. Г. Свешников
|e 2-е изд., перераб. и доп.
|c М.
|n Наука
|d 1985
|p 231 с.
|s Курс высшей математики и математической физики ; Вып. 7
|a Тихонов, Андрей Николаевич
|
| 610 |
1 |
|
|a математика
|
| 610 |
1 |
|
|a математическая экономика
|
| 610 |
1 |
|
|a дифференциальные уравнения
|
| 610 |
1 |
|
|a краевые задачи
|
| 610 |
1 |
|
|a устойчивость
|
| 610 |
1 |
|
|a численные методы
|
| 610 |
1 |
|
|a асимптотические методы
|
| 610 |
1 |
|
|a учебники
|
| 675 |
|
|
|a 517.9(075.8)
|v 3
|
| 700 |
|
1 |
|a Тихонов
|b А. Н.
|g Андрей Николаевич
|
| 701 |
|
1 |
|a Васильева
|b А. Б.
|g Аделаида Борисовна
|
| 701 |
|
1 |
|a Свешников
|b А. Г.
|g Алексей Георгиевич
|
| 801 |
|
1 |
|a RU
|b 63413507
|c 20020402
|g PSBO
|
| 801 |
|
2 |
|a RU
|b 63413507
|c 20160406
|g PSBO
|
| 942 |
|
|
|c BK
|